| 000 | 00653nam a22002057a 4500 | ||
|---|---|---|---|
| 003 | OSt | ||
| 005 | 20170130135544.0 | ||
| 008 | 170130b xxu||||| |||| 00| 0 eng d | ||
| 020 | _a0471431303 | ||
| 040 | _cDMLN | ||
| 082 | _aWS105 G569h 2005 | ||
| 100 |
_aGoldenthal, Peter _911460 |
||
| 245 | _aHelping Children and Families: a new treatment model intergrating psychodynamic, behavioral, and contextual approaches | ||
| 260 | _aNew Jersey; John Wiley, 2005 | ||
| 300 | _axx,300p; ill: 24cm | ||
| 504 | _aAppendices, references, & index included | ||
| 650 |
_aChild psychotherapy _95134 |
||
| 650 |
_aChild treatment _911461 |
||
| 942 |
_2z _cO_SHELF |
||
| 999 |
_c5491 _d5491 |
||